[Event "4th East Kilbride Weekly Open"]
[Site "East Kilbride"]
[Date "2011.05.26"]
[Round "4"]
[White "Pathi, Brogan"]
[Black "Jack, Rebekah"]
[Result "1-0"]
[WhiteElo "903"]
[BlackElo "625"]
[PlyCount "85"]
[EventDate "2011.05.??"]
[EventType "swiss"]
[EventCountry "SCO"]
[SourceDate "2011.06.02"]

1. e4 e5 2. Nf3 Nc6 3. d4 exd4 4. Nxd4 Nxd4 5. Qxd4 Nf6 6. Bg5 Be7 7. e5 Nh5 8.
Bxe7 Qxe7 9. Be2 g6 10. Bxh5 gxh5 11. O-O O-O 12. Qc3 d6 13. Qg3+ Kh8 14. exd6
Qxd6 15. Qxd6 cxd6 16. Nc3 Rg8 17. Ne4 Bh3 18. Ng3 h4 19. gxh3 hxg3 20. hxg3 f5
21. Rad1 f4 22. Rxd6 fxg3 23. fxg3 Rxg3+ 24. Kh2 Rag8 25. Rf2 h5 26. Rd3 Rxd3
27. cxd3 h4 28. d4 Rg3 29. Rf4 Rd3 30. Rxh4+ Kg7 31. Rg4+ Kf6 32. h4 Kf5 33.
Rg5+ Ke4 34. Re5+ Kxd4 35. Re2 Re3 36. Rd2+ Kc4 37. h5 Kc5 38. h6 Kc6 39. h7
Kc5 40. h8=Q Kb6 41. Qf6+ Kb5 42. Rd5+ Kb4 43. Qd4# 1-0

[Event "4th East Kilbride Weekly Open"]
[Site "East Kilbride"]
[Date "2011.05.26"]
[Round "4"]
[White "Van Heese, Jan"]
[Black "Pathi, Fintan"]
[Result "1/2-1/2"]
[WhiteElo "804"]
[BlackElo "460"]
[PlyCount "63"]
[EventDate "2011.05.??"]
[EventType "swiss"]
[EventCountry "SCO"]
[SourceDate "2011.06.02"]

1. e4 e5 2. Nf3 Nc6 3. Nc3 Nf6 4. Bb5 Bc5 5. Bxc6 bxc6 6. Nxe5 Bd4 7. Nf3 Bxc3
8. dxc3 Nxe4 9. Qe2 Qe7 10. Bg5 Qe6 11. O-O Nxg5 12. Qxe6+ Nxe6 13. Rfe1 O-O
14. Rad1 Bb7 15. Rxd7 Rad8 16. Rxd8 Rxd8 17. h4 h6 18. Re5 c5 19. Rf5 Bxf3 20.
Rxf3 Rd2 21. b4 cxb4 22. cxb4 Rxc2 23. Ra3 c5 24. bxc5 Nxc5 25. Rxa7 Rc1+ 26.
Kh2 Rc2 27. Rc7 Rc3 28. a4 Nxa4 29. Rxc3 Nxc3 30. Kg3 Kh7 31. Kf3 Kg6 32. Ke3 {
dont have the rest of the moves...} 1/2-1/2

[Event "4th East Kilbride Weekly Open"]
[Site "East Kilbride"]
[Date "2011.06.02"]
[Round "5"]
[White "Smalls, Jim"]
[Black "Doyle, Jim"]
[Result "1/2-1/2"]
[WhiteElo "1766"]
[BlackElo "1897"]
[PlyCount "90"]
[EventDate "2011.05.??"]
[EventType "swiss"]
[EventCountry "SCO"]
[SourceDate "2011.06.02"]

1. e4 c6 2. d4 d5 3. e5 Bf5 4. Nf3 e6 5. Be2 Nd7 6. b3 Be7 7. O-O h5 8. c4 Nh6
9. Ba3 Bg6 10. Bxe7 Qxe7 11. Nc3 Nf5 12. cxd5 cxd5 13. Qd2 O-O 14. Bd3 a6 15.
Qf4 Nb6 16. Rac1 Rac8 17. Ne2 Rxc1 18. Rxc1 Rc8 19. Rxc8+ Nxc8 20. Qc1 Qd8 21.
Nf4 Nce7 22. h3 Nc6 23. Nxg6 fxg6 24. Bxa6 Ncxd4 25. Nxd4 Nxd4 26. Bd3 Nf5 27.
Qc5 Qb8 28. f4 Qd8 29. a4 Qh4 30. Qc8+ Kh7 31. Bxf5 Qe1+ 32. Kh2 exf5 33. Qxb7
h4 34. Qb6 Qg3+ 35. Kh1 Qxf4 36. e6 Qf1+ 37. Qg1 Qe2 38. Qd4 g5 39. b4 Qe1+ 40.
Kh2 Qg3+ 41. Kh1 Qe1+ 42. Qg1 Qxb4 43. Qf2 Qe4 44. e7 g6 45. Qa7 Qe1+ 1/2-1/2

[Event "4th East Kilbride Weekly Open"]
[Site "East Kilbride"]
[Date "2011.06.02"]
[Round "5"]
[White "Marks, Ian A"]
[Black "Brownlee, Ian"]
[Result "1-0"]
[WhiteElo "1887"]
[BlackElo "1661"]
[PlyCount "95"]
[EventDate "2011.05.??"]
[EventType "swiss"]
[EventCountry "SCO"]
[SourceDate "2011.06.02"]

1. c4 Nf6 2. g3 g6 3. Bg2 Bg7 4. Nf3 c5 5. O-O Nc6 6. Nc3 O-O 7. d4 cxd4 8.
Nxd4 a6 9. b3 Qb6 10. Nc2 e6 11. Bb2 Rd8 12. e4 Qc7 13. Ne3 Rb8 14. f4 b5 15.
cxb5 axb5 16. e5 Ne8 17. Qe2 Qb6 18. Ne4 d5 19. Nf6+ Nxf6 20. exf6 Bh8 21. Be5
Rb7 22. Kh1 Nd4 23. Qd2 Nc6 24. Rfc1 Rbd7 25. Rc2 Bb7 26. Rac1 Nxe5 27. fxe5 d4
28. Ng4 h5 29. Nf2 Bxg2+ 30. Kxg2 Qb7+ 31. Kg1 Rd5 32. Rc7 Qb8 33. Nd3 R5d7 34.
Qa5 Kh7 35. b4 g5 36. a4 bxa4 37. Rxd7 Rxd7 38. Qxa4 Ra7 39. Qb3 Qa8 40. b5 Ra2
41. Nf2 Kh6 42. b6 Ra1 43. Rxa1 Qxa1+ 44. Kg2 g4 45. b7 Qa6 46. b8=Q Qc6+ 47.
Kg1 Qc1+ 48. Qd1 1-0

[Event "4th East Kilbride Weekly Open"]
[Site "East Kilbride"]
[Date "2011.06.02"]
[Round "5"]
[White "Murray, Frankie"]
[Black "Mason, Ian"]
[Result "1/2-1/2"]
[WhiteElo "1635"]
[BlackElo "1879"]
[PlyCount "150"]
[EventDate "2011.05.??"]
[EventType "swiss"]
[EventCountry "SCO"]
[SourceDate "2011.06.02"]

1. e4 e5 2. Nf3 Nc6 3. Bb5 a6 4. Ba4 Nf6 5. O-O b5 6. Bb3 Bb7 7. Re1 Bc5 8. c3
d6 9. d4 Bb6 10. Bg5 h6 11. Bh4 O-O 12. d5 Nb8 13. Nbd2 Nbd7 14. Nf1 Nc5 15.
Bc2 Bc8 16. b4 Ncd7 17. a4 Bb7 18. a5 Ba7 19. Ng3 Re8 20. Nh5 Bc8 21. h3 g6 22.
Nxf6+ Nxf6 23. Nh2 g5 24. Bg3 Kg7 25. Ng4 Nxg4 26. hxg4 Qd7 27. Kf1 Qxg4 28.
Qxg4 Bxg4 29. f3 Bd7 30. Ke2 Rf8 31. Rh1 f5 32. Rh2 f4 33. Bf2 Bxf2 34. Kxf2
Rf6 35. Rah1 Rc8 36. Ke2 c5 37. bxc5 Rxc5 38. Kd2 Be8 39. Bb3 h5 40. Kd3 h4 41.
Rc1 Rf7 42. Rhh1 Rfc7 43. Rc2 Kf6 44. Rhc1 Rh7 45. Rh1 Bd7 46. Rf2 Kg6 47. Bd1
Rh8 48. Rb2 Rhc8 49. Rb3 Kf6 50. Be2 R8c7 51. Rc1 Be8 52. Rb4 Bd7 53. Kd2 g4
54. fxg4 Kg5 55. Rb3 Bxg4 56. Bf1 Bh5 57. Rb4 Bg6 58. Bd3 Be8 59. Be2 Rh7 60.
Rh1 Bd7 61. c4 bxc4 62. Rb6 Rxa5 63. Bxc4 Bb5 64. Bxb5 Ra2+ 65. Kc3 axb5 66.
Rg1 Rd7 67. Rxb5 Ra4 68. Kd3 Rd4+ 69. Ke2 Rxe4+ 70. Kf3 Rd4 71. Re1 Ra7 72. Rc1
e4+ 73. Kf2 Ra2+ 74. Kf1 Rdd2 75. Rb7 Rf2+ $138 1/2-1/2

[Event "4th East Kilbride Weekly Open"]
[Site "East Kilbride"]
[Date "2011.06.02"]
[Round "5"]
[White "Robertson, Jim"]
[Black "MacDonald, Paul"]
[Result "0-1"]
[WhiteElo "1409"]
[BlackElo "1819"]
[PlyCount "86"]
[EventDate "2011.05.??"]
[EventType "swiss"]
[EventCountry "SCO"]
[SourceDate "2011.06.02"]

1. d4 d5 2. e3 Bf5 3. f4 Nf6 4. Nf3 e6 5. Be2 c5 6. c3 Nc6 7. O-O Be7 8. Nbd2
O-O 9. Ne5 Nxe5 10. fxe5 Ne4 11. Nf3 Rc8 12. Qe1 a6 13. a4 Qd7 14. b3 cxd4 15.
cxd4 Nc3 16. Ba3 Nxe2+ 17. Qxe2 Bxa3 18. Rxa3 Rc2 19. Qd1 Rfc8 20. Ra1 Qc6 21.
Rf2 Rxf2 22. Kxf2 Bc2 23. Qc1 Bxb3 24. Qxc6 Rxc6 25. Rb1 Bxa4 26. Rxb7 h6 27.
Rb2 Rc2+ 28. Rxc2 Bxc2 29. Ke1 Kf8 30. Kd2 Ba4 31. Kc3 Ke7 32. Kb4 Bb5 33. Nd2
Be2 34. e4 Bd3 35. exd5 exd5 36. Nb3 Bf1 37. g3 f6 38. Nd2 Be2 39. Kc5 fxe5 40.
dxe5 Ke6 41. Kd4 Bc4 42. h4 a5 43. g4 a4 0-1

[Event "4th East Kilbride Weekly Open"]
[Site "East Kilbride"]
[Date "2011.06.02"]
[Round "5"]
[White "Rodger, Paul"]
[Black "Johnstone, David"]
[Result "0-1"]
[WhiteElo "1753"]
[BlackElo "1611"]
[PlyCount "84"]
[EventDate "2011.05.??"]
[EventType "swiss"]
[EventCountry "SCO"]
[SourceDate "2011.06.02"]

1. d4 d6 2. Nc3 g6 3. Bg5 Bg7 4. Qd2 Nf6 5. Bh6 O-O 6. Bxg7 Kxg7 7. O-O-O c6 8.
e4 Qa5 9. Kb1 b5 10. e5 dxe5 11. dxe5 Ng4 12. f4 Be6 13. b3 Qb6 14. Nh3 a5 15.
a4 b4 16. Ne4 Nd7 17. Bc4 Bf5 18. Ng3 Rfd8 19. Nxf5+ gxf5 20. Qd3 e6 21. Qg3
Nf8 22. Qh4 Ng6 23. Qg3 h6 24. Rd3 Rd4 25. Rhd1 Rad8 26. Nf2 Rxd3 27. Nxd3 Ne3
28. Re1 Nxc4 29. bxc4 Qd4 30. c5 b3 31. Nb2 bxc2+ 32. Kxc2 Qxc5+ 33. Kb1 Qb4
34. Ka2 Rd2 35. Rb1 Qxa4+ 36. Qa3 Qxa3+ 37. Kxa3 Rxg2 38. Nc4 Nxf4 39. Nxa5 c5
40. Rc1 Rxh2 41. Rxc5 Nd3 42. Rb5 Rh3 0-1

[Event "4th East Kilbride Weekly Open"]
[Site "East Kilbride"]
[Date "2011.06.02"]
[Round "5"]
[White "Thomson, Peter"]
[Black "Thomas, Phil"]
[Result "1-0"]
[WhiteElo "1367"]
[BlackElo "1811"]
[PlyCount "51"]
[EventDate "2011.05.??"]
[EventType "swiss"]
[EventCountry "SCO"]
[SourceDate "2011.06.02"]

1. d4 Nf6 2. Nc3 e6 3. Nf3 b6 4. Bf4 Ba6 5. a3 Nd5 6. Nxd5 exd5 7. Qd2 Nc6 8.
O-O-O f6 9. e4 Bxf1 10. Rhxf1 dxe4 11. d5 Na5 12. Rfe1 f5 13. Qc3 d6 14. Nd4
Qf6 15. Qxc7 g5 16. Bd2 Qxd4 17. Bxa5 Qxf2 18. Bc3 Rg8 19. Qc6+ Kf7 20. Qxa8
Qxg2 21. Qc8 Be7 22. Qxf5+ Ke8 23. Qxe4 Qxe4 24. Rxe4 Kd7 25. Rde1 Bd8 26. Rf1
1-0

[Event "4th East Kilbride Weekly Open"]
[Site "East Kilbride"]
[Date "2011.06.02"]
[Round "5"]
[White "Thomas, Daniel"]
[Black "Mitchell, Mike"]
[Result "1-0"]
[WhiteElo "1431"]
[BlackElo "1379"]
[PlyCount "49"]
[EventDate "2011.05.??"]
[EventType "swiss"]
[EventCountry "SCO"]
[SourceDate "2011.06.02"]

1. f4 Nf6 2. Nc3 g6 3. e4 d6 4. Nf3 Bg7 5. d4 O-O 6. Bc4 Nbd7 7. O-O a6 8. e5
dxe5 9. fxe5 Ne8 10. Ng5 e6 11. Nxf7 Qe7 12. Nh6+ Kh8 13. Ng4 b5 14. Rxf8+ Nxf8
15. Qf3 Rb8 16. Bd3 Bb7 17. Be4 Bxe4 18. Nxe4 Nd7 19. Bg5 Qf8 20. Qxf8+ Bxf8
21. Rf1 Kg8 22. Nh6+ Bxh6 23. Bxh6 Ng7 24. g4 Nb6 25. Ng5 1-0

[Event "4th East Kilbride Weekly Open"]
[Site "East Kilbride"]
[Date "2011.06.02"]
[Round "5"]
[White "Johnston, Jim"]
[Black "Gosetti, Piero"]
[Result "1-0"]
[WhiteElo "1416"]
[BlackElo "1313"]
[PlyCount "55"]
[EventDate "2011.05.??"]
[EventType "swiss"]
[EventCountry "SCO"]
[SourceDate "2011.06.02"]

1. d4 d5 2. Nf3 Nf6 3. e3 e6 4. Bd3 Nbd7 5. Nbd2 h6 6. c3 Bd6 7. O-O O-O 8. Qe2
Re8 9. e4 dxe4 10. Nxe4 Nf8 11. Nxd6 Qxd6 12. Ne5 c6 13. Qf3 Qd8 14. Bf4 Qd5
15. Qe2 Ng6 16. Nxg6 fxg6 17. Bxg6 Rf8 18. Be5 Nh7 19. f4 Qd8 20. Rf3 Qe7 21.
Rg3 Bd7 22. Bxh7+ Kxh7 23. Rxg7+ Qxg7 24. Bxg7 Kxg7 25. Qe5+ Kg8 26. Rf1 Rae8
27. Rf3 Rf5 28. Rg3+ 1-0

[Event "4th East Kilbride Weekly Open"]
[Site "East Kilbride"]
[Date "2011.06.02"]
[Round "5"]
[White "Denham, Paul"]
[Black "MacKenzie, Ian"]
[Result "1-0"]
[WhiteElo "1406"]
[BlackElo "1444"]
[PlyCount "95"]
[EventDate "2011.05.??"]
[EventType "swiss"]
[EventCountry "SCO"]
[SourceDate "2011.06.02"]

1. d4 Nf6 2. Nf3 d5 3. e3 Bf5 4. c4 e6 5. Nc3 c6 6. Be2 Nbd7 7. O-O Be7 8. Qb3
Qc7 9. Bd2 O-O 10. Rac1 Rac8 11. cxd5 exd5 12. Nh4 Bg6 13. Qd1 Ne4 14. Nxg6
hxg6 15. Nxd5 Qd6 16. Nxe7+ Qxe7 17. a3 Nxd2 18. Qxd2 Rfd8 19. Qc2 Nf6 20. Bf3
g5 21. Qc5 Qxc5 22. Rxc5 g4 23. Be2 Rd5 24. Rfc1 Rxc5 25. Rxc5 Rd8 26. g3 g6
27. Kg2 Kf8 28. Rg5 Rd5 29. Rxd5 cxd5 30. f3 gxf3+ 31. Bxf3 Ke7 32. Kf2 Kd6 33.
Ke2 Ne4 34. Bxe4 dxe4 35. g4 g5 36. Kd2 Kd5 37. Kc3 a5 38. b3 b5 39. h3 f6 40.
Kc2 b4 41. a4 Kd6 42. Kd2 Ke6 43. Ke2 f5 44. gxf5+ Kxf5 45. Kf2 Kf6 46. Kg3 Kf5
47. h4 gxh4+ 48. Kxh4 1-0

[Event "4th East Kilbride Weekly Open"]
[Site "East Kilbride"]
[Date "2011.06.02"]
[Round "5"]
[White "Glen, Hamish"]
[Black "Jose, Thomas"]
[Result "1/2-1/2"]
[WhiteElo "1587"]
[BlackElo "962"]
[PlyCount "63"]
[EventDate "2011.05.??"]
[EventType "swiss"]
[EventCountry "SCO"]
[SourceDate "2011.06.02"]

1. e4 c5 2. Nc3 Nc6 3. f4 e6 4. Nf3 d5 5. d3 d4 6. Ne2 g6 7. g3 Bg7 8. Bg2 Nge7
9. O-O O-O 10. c3 b5 11. Qc2 Ba6 12. Rd1 e5 13. fxe5 Nxe5 14. cxd4 Nxf3+ 15.
Bxf3 cxd4 16. Bg5 Be5 17. Qb3 Kg7 18. Nf4 Rb8 19. Rac1 Bc8 20. Nd5 f6 21. Nxe7
Qxe7 22. Bd2 b4 23. a3 Be6 24. Qa4 bxa3 25. Qxa3 Qxa3 26. bxa3 Rb3 27. Bb4 Ra8
28. Rc5 Bd7 29. Rd2 a5 30. Rxa5 Rxa5 31. Bxa5 Rxa3 32. Bb6 1/2-1/2

[Event "4th East Kilbride Weekly Open"]
[Site "East Kilbride"]
[Date "2011.06.02"]
[Round "5"]
[White "McKay, Stewart"]
[Black "Pathi, Vivek"]
[Result "1-0"]
[WhiteElo "1355"]
[BlackElo "1052"]
[PlyCount "66"]
[EventDate "2011.05.??"]
[EventType "swiss"]
[EventCountry "SCO"]
[SourceDate "2011.06.02"]

1. c4 Nf6 2. Nc3 g6 3. g3 Bg7 4. Bg2 O-O 5. d4 d6 6. Nf3 Nbd7 7. Qc2 Re8 8. O-O
c5 9. d5 Ne5 10. Nxe5 dxe5 11. h3 Bf5 12. e4 Bd7 13. Be3 b6 14. Rfd1 Qc8 15.
Kh2 Qc7 16. a4 a6 17. Rdb1 Nh5 18. b4 f5 19. bxc5 bxc5 20. exf5 Bxf5 21. Be4
Qc8 22. Bxf5 Qxf5 23. Qxf5 gxf5 24. Bxc5 e4 25. Ra3 Rac8 26. Be3 Rxc4 27. Ne2
Rc2 28. Nd4 Bxd4 29. Bxd4 f4 30. gxf4 Nxf4 31. Rg3+ Ng6 32. h4 Rd2 33. Be3 Rxd5
{rest of the moves unclear} 1-0

[Event "4th East Kilbride Weekly Open"]
[Site "East Kilbride"]
[Date "2011.06.02"]
[Round "5"]
[White "Smith, Alex"]
[Black "Thomas, Jacqui"]
[Result "1/2-1/2"]
[WhiteElo "983"]
[BlackElo "1201"]
[PlyCount "113"]
[EventDate "2011.05.??"]
[EventType "swiss"]
[EventCountry "SCO"]
[SourceDate "2011.06.02"]

1. d4 g6 2. Bf4 Bg7 3. Nf3 e6 4. e3 Ne7 5. c4 O-O 6. Be2 d5 7. cxd5 Nxd5 8. Bg3
b6 9. O-O Ba6 10. Bxa6 Nxa6 11. Nbd2 c5 12. Rb1 cxd4 13. Nxd4 Rc8 14. Nb5 Qd7
15. Nd6 Rc6 16. N6c4 Rfc8 17. Qe2 f5 18. Ne5 Bxe5 19. Bxe5 Nac7 20. Rbc1 Ne8
21. Nb3 Nef6 22. Rfd1 Rxc1 23. Nxc1 Qb7 24. Nb3 Ng4 25. Bg3 Ngf6 26. h3 Nd7 27.
Nd4 e5 28. Ne6 Re8 29. Rxd5 Rxe6 30. Qc4 f4 31. Rxe5 Nxe5 32. Qxe6+ Nf7 33.
Bxf4 Qa8 34. Be5 Qd8 35. f4 Kf8 36. f5 Qe7 37. Bg7+ Ke8 38. Qxe7+ Kxe7 39. fxg6
hxg6 40. Kf2 Ng5 41. h4 Ne6 42. Be5 Nc5 43. Bb8 a6 44. Kf3 Nd3 45. Ba7 b5 46.
Bd4 Ke6 47. g4 a5 48. h5 gxh5 49. gxh5 Kf7 50. e4 a4 51. e5 Nb4 52. a3 Nc6 53.
Ke4 Nd8 54. Kf5 Ne6 55. Bc3 Ng7+ 56. Kg5 Ne6+ 57. Kg4 1/2-1/2

[Event "4th East Kilbride Weekly Open"]
[Site "East Kilbride"]
[Date "2011.06.02"]
[Round "5"]
[White "McCusker, Andrew"]
[Black "Miller, Craig"]
[Result "1-0"]
[WhiteElo "1168"]
[BlackElo "1546"]
[PlyCount "67"]
[EventDate "2011.05.??"]
[EventType "swiss"]
[EventCountry "SCO"]
[SourceDate "2011.06.02"]

1. c4 e5 2. Nc3 Nf6 3. g3 c6 4. Bg2 d6 5. e3 Be6 6. b3 Nbd7 7. Nge2 Be7 8. d4
Nb6 9. O-O Qd7 10. Ba3 Rd8 11. Ne4 Nxe4 12. Bxe4 d5 13. Bxe7 dxe4 14. Bxd8 Qxd8
15. dxe5 Qg5 16. Nf4 Qxe5 17. Nxe6 Qxe6 18. Qd4 O-O 19. Rad1 h6 20. c5 Nd5 21.
Kg2 f5 22. f3 exf3+ 23. Rxf3 Re8 24. Re1 Qg6 25. Ref1 Qg5 26. Kg1 Re4 27. Rxf5
Qxe3+ 28. Qxe3 Nxe3 29. Rf8+ Kh7 30. Re1 Re7 31. Rf3 Nd5 32. Rxe7 Nxe7 33. Rf7
Nd5 34. Rxb7 1-0

[Event "4th East Kilbride Weekly Open"]
[Site "East Kilbride"]
[Date "2011.06.02"]
[Round "5"]
[White "Brisbane, Tom"]
[Black "Pathi, Brogan"]
[Result "1-0"]
[WhiteElo "1541"]
[BlackElo "903"]
[PlyCount "71"]
[EventDate "2011.05.??"]
[EventType "swiss"]
[EventCountry "SCO"]
[SourceDate "2011.06.02"]

1. d4 Nf6 2. c4 g6 3. Nc3 Bg7 4. e4 e6 5. e5 Nh5 6. g4 Qe7 7. gxh5 gxh5 8. Be2
h4 9. Nf3 f6 10. Bf4 fxe5 11. Bxe5 Bxe5 12. Nxe5 Qf6 13. Bh5+ Kf8 14. Qf3 Qxf3
15. Nxf3 Rg8 16. O-O-O h3 17. Rhg1 Nc6 18. Rxg8+ Kxg8 19. Rg1+ Kf8 20. Bg4 d5
21. b3 dxc4 22. bxc4 e5 23. dxe5 Ke7 24. Nd5+ Kd8 25. Bxc8 Rxc8 26. Rg8+ Kd7
27. e6+ Kxe6 28. Rxc8 Kd7 29. Rxc7+ Kd8 30. Rxh7 Kc8 31. Ng5 Kd8 32. f4 b5 33.
f5 bxc4 34. f6 Ke8 35. f7+ Kf8 36. Ne6# 1-0

[Event "4th East Kilbride Weekly Open"]
[Site "East Kilbride"]
[Date "2011.06.02"]
[Round "5"]
[White "Perrie, Bill"]
[Black "Potts, David"]
[Result "0-1"]
[WhiteElo "1011"]
[BlackElo "1477"]
[PlyCount "85"]
[EventDate "2011.05.??"]
[EventType "swiss"]
[EventCountry "SCO"]
[SourceDate "2011.06.02"]

1. e4 c5 2. Nf3 d6 3. d4 cxd4 4. Nxd4 Nf6 5. Nc3 a6 6. Be2 e6 7. Be3 Be7 8. Qd2
O-O 9. O-O-O b5 10. Bd3 Bb7 11. f3 Nc6 12. Nxc6 Bxc6 13. Ne2 e5 14. h3 a5 15.
Kb1 b4 16. c3 d5 17. c4 d4 18. Bf2 Rb8 19. b3 a4 20. Bc2 axb3 21. Bxb3 Ra8 22.
Nc1 Ra3 23. Qb2 Qa5 24. Rd3 Ra8 25. Rhd1 Nd7 26. Be1 Nc5 27. Bc2 Nxd3 28. Rxd3
Rxd3 29. Nxd3 Ba4 30. Bb3 Bxb3 31. axb3 f6 32. Nc1 Qd8 33. Nd3 Qb6 34. Bg3 Ra3
35. f4 Qb7 36. Nf2 d3 37. fxe5 Qd7 38. exf6 Bxf6 39. e5 d2 40. Qc2 Qd4 41. Qb2
d1=Q+ 42. Nxd1 Qxd1+ 43. Qc1 0-1

[Event "4th East Kilbride Weekly Open"]
[Site "East Kilbride"]
[Date "2011.06.02"]
[Round "5"]
[White "Congalton, David"]
[Black "Howie, Derek"]
[Result "1-0"]
[WhiteElo "1287"]
[BlackElo "1007"]
[PlyCount "41"]
[EventDate "2011.05.??"]
[EventType "swiss"]
[EventCountry "SCO"]
[SourceDate "2011.06.02"]

1. e4 c6 2. d4 d5 3. e5 Bf5 4. Bd3 Bxd3 5. Qxd3 e6 6. Nf3 g6 7. Nc3 Bh6 8. O-O
Nd7 9. Re1 Bxc1 10. Raxc1 Nh6 11. Nd1 Nf5 12. Ne3 Nxe3 13. Rxe3 Nb8 14. Qb3 Qb6
15. c4 Nd7 16. cxd5 cxd5 17. Qa3 f5 18. Rec3 Kf7 19. Ng5+ Kg7 20. Qe7+ Kh6 21.
Rh3# 1-0

[Event "4th East Kilbride Weekly Open"]
[Site "East Kilbride"]
[Date "2011.06.02"]
[Round "5"]
[White "Reilly, Andrew"]
[Black "Melvin, John"]
[Result "1/2-1/2"]
[WhiteElo "803"]
[BlackElo "1226"]
[PlyCount "41"]
[EventDate "2011.05.??"]
[EventType "swiss"]
[EventCountry "SCO"]
[SourceDate "2011.06.02"]

1. e4 e5 2. Nf3 Nc6 3. Nc3 d6 4. d4 exd4 5. Nxd4 Nxd4 6. Qxd4 Be6 7. Bc4 Qd7 8.
Bxe6 Qxe6 9. Qd5 c6 10. Qxe6+ fxe6 11. O-O e5 12. f4 Nf6 13. fxe5 dxe5 14. Bg5
Bc5+ 15. Kh1 O-O 16. Bxf6 Rxf6 17. Rxf6 gxf6 18. Rf1 Kf7 19. Rd1 Re8 20. Rd7+
Re7 21. Rxe7+ 1/2-1/2

[Event "4th East Kilbride Weekly Open"]
[Site "East Kilbride"]
[Date "2011.06.02"]
[Round "5"]
[White "Howie, Colin"]
[Black "MacGregor, Alasdair"]
[Result "1-0"]
[WhiteElo "1209"]
[BlackElo "980"]
[PlyCount "71"]
[EventDate "2011.05.??"]
[EventType "swiss"]
[EventCountry "SCO"]
[SourceDate "2011.06.02"]

1. e4 e6 2. d4 d5 3. exd5 exd5 4. Nf3 c5 5. c3 Nc6 6. Bb5 Bd7 7. O-O Qb6 8.
Bxc6 Bxc6 9. Re1+ Be7 10. Bg5 Qxb2 11. Nbd2 Qxc3 12. Bxe7 Nxe7 13. Qe2 O-O 14.
Qxe7 Rae8 15. Qxc5 Rxe1+ 16. Rxe1 Qd3 17. Re3 Qa6 18. Ra3 Qe2 19. Re3 Qd1+ 20.
Re1 Qa4 21. a3 b6 22. Qb4 Qc2 23. Qb3 Qf5 24. Rc1 Rc8 25. Ne5 Bb7 26. Rxc8+
Qxc8 27. Qf3 f6 28. Ng4 Qc1+ 29. Nf1 Kh8 30. Qe3 Qc8 31. Qe7 f5 32. Ne5 h6 33.
Qf7 Ba6 34. Ng6+ Kh7 35. Ne7 Qh8 36. Qg6# 1-0

[Event "4th East Kilbride Weekly Open"]
[Site "East Kilbride"]
[Date "2011.06.02"]
[Round "5"]
[White "Airlie, Bernard"]
[Black "Wynne, Stuart"]
[Result "1/2-1/2"]
[WhiteElo "1092"]
[BlackElo "861"]
[PlyCount "94"]
[EventDate "2011.05.??"]
[EventType "swiss"]
[EventCountry "SCO"]
[SourceDate "2011.06.02"]

1. e4 c5 2. Nc3 Nc6 3. g3 d6 4. Bg2 Nf6 5. Nge2 g6 6. d3 Bg7 7. O-O O-O 8. Bg5
Bd7 9. Qd2 Re8 10. Rfe1 a6 11. a4 Ne5 12. a5 Nc6 13. Nd5 Nxd5 14. exd5 Nd4 15.
Nxd4 Bxd4 16. c3 Bg7 17. Bh6 Bh8 18. h4 e6 19. h5 Bg7 20. hxg6 hxg6 21. Re4
Bxh6 22. Qxh6 Qf6 23. Rh4 Qg7 24. Kh2 Qxh6 25. Rxh6 Kg7 26. Rh4 e5 27. Rh1 Rh8
28. Kg1 Rxh4 29. Rxh4 Rh8 30. Rxh8 Kxh8 31. c4 Bg4 32. f3 Bf5 33. Bf1 Kg7 34.
g4 Bd7 35. b3 Kf6 36. Kg2 Kg5 37. Kg3 f5 38. gxf5 gxf5 39. Be2 f4+ 40. Kf2 Kh4
41. Bf1 Bh3 42. Be2 Kh5 43. Bf1 Bxf1 44. Kxf1 Kh4 45. Kg2 Kg5 46. Kh3 Kh5 47.
Kg2 Kh4 1/2-1/2

[Event "4th East Kilbride Weekly Open"]
[Site "East Kilbride"]
[Date "2011.06.02"]
[Round "5"]
[White "Lynn, Henry"]
[Black "McCulloch, Andrew"]
[Result "1/2-1/2"]
[WhiteElo "1037"]
[BlackElo "1023"]
[PlyCount "55"]
[EventDate "2011.05.??"]
[EventType "swiss"]
[EventCountry "SCO"]
[SourceDate "2011.06.02"]

1. e4 e6 2. d4 d5 3. e5 c5 4. c3 Nc6 5. Bb5 Bd7 6. Be3 f6 7. exf6 gxf6 8. Nf3
cxd4 9. cxd4 a6 10. Bxc6 Bxc6 11. O-O Ne7 12. Nc3 Bg7 13. Rc1 Ng6 14. Re1 Qd7
15. Qd2 h5 16. h4 Ne7 17. Bf4 Kf7 18. b3 Ng6 19. Be3 Rac8 20. a4 b5 21. axb5
axb5 22. b4 Ra8 23. Qb2 Bh6 24. Bxh6 Rxh6 25. Ra1 Rhh8 26. Rxa8 Bxa8 27. Ra1
Ne7 28. Ra5 1/2-1/2

[Event "4th East Kilbride Weekly Open"]
[Site "East Kilbride"]
[Date "2011.06.02"]
[Round "5"]
[White "Van Heese, Jan"]
[Black "Jenkins, Ciaran"]
[Result "0-1"]
[WhiteElo "804"]
[BlackElo "943"]
[PlyCount "90"]
[EventDate "2011.05.??"]
[EventType "swiss"]
[EventCountry "SCO"]
[SourceDate "2011.06.02"]

1. e4 e5 2. Nf3 Nf6 3. Nxe5 d6 4. Nf3 Nxe4 5. Qe2 Qe7 6. d3 Nf6 7. Qxe7+ Bxe7
8. Nc3 O-O 9. Be2 Bf5 10. O-O Nbd7 11. Nd4 Bg4 12. Bxg4 Nxg4 13. Nf5 Bf6 14.
Bd2 Be5 15. g3 Rfe8 16. Nd5 Rab8 17. d4 Bf6 18. f3 Nh6 19. g4 Nxf5 20. Nxf6+
Nxf6 21. gxf5 Nd5 22. Rae1 Ne7 23. Re2 Nxf5 24. Rxe8+ Rxe8 25. c3 Re2 26. Re1
Rxe1+ 27. Bxe1 Ne3 28. b4 b5 29. Kf2 Nf5 30. Bd2 f6 31. Kg2 Kf7 32. Kh3 g5 33.
Kg4 Kg6 34. f4 h6 35. fxg5 hxg5 36. Be1 Ne3+ 37. Kf3 Nc2 38. Bf2 Kf5 39. d5 Na3
40. Bxa7 g4+ 41. Kg3 Nb1 42. Bb8 Nxc3 43. Bxc7 Nxd5 44. Bxd6 Nc3 45. a3 Ne4+
0-1

[Event "4th East Kilbride Weekly Open"]
[Site "East Kilbride"]
[Date "2011.06.02"]
[Round "5"]
[White "Burnett, Greg"]
[Black "Jack, Rebekah"]
[Result "1-0"]
[WhiteElo "681"]
[BlackElo "625"]
[PlyCount "27"]
[EventDate "2011.05.??"]
[EventType "swiss"]
[EventCountry "SCO"]
[SourceDate "2011.06.02"]

1. c4 e5 2. Nc3 Nc6 3. g3 Nf6 4. Bg2 Bb4 5. Nd5 Nxd5 6. cxd5 Nd4 7. a3 c5 8.
axb4 Qh4 9. gxh4 d6 10. bxc5 dxc5 11. d6 O-O 12. Bd5 Bh3 13. e3 Bg2 14. Bxg2
1-0

[Event "4th East Kilbride Weekly Open"]
[Site "East Kilbride"]
[Date "2011.06.02"]
[Round "5"]
[White "Pathi, Rowan"]
[Black "McCusker, Kirsty"]
[Result "1-0"]
[WhiteElo "776"]
[BlackElo "429"]
[PlyCount "61"]
[EventDate "2011.05.??"]
[EventType "swiss"]
[EventCountry "SCO"]
[SourceDate "2011.06.02"]

1. d4 c6 2. Nf3 d5 3. Nbd2 Bf5 4. e3 e6 5. Bd3 Bxd3 6. cxd3 Bd6 7. O-O Nf6 8.
Re1 O-O 9. e4 Be7 10. e5 Ng4 11. Ng5 Bxg5 12. Qxg4 Nd7 13. Nf3 Be7 14. Bh6 g6
15. Bxf8 Qxf8 16. Ng5 Qh6 17. Nxe6 f5 18. Qf4 Qh4 19. Qxh4 Bxh4 20. g3 Be7 21.
Re2 g5 22. Rae1 Kf7 23. Nc7 Rc8 24. e6+ Kf8 25. exd7 Rxc7 26. Rxe7 Rxd7 27.
Rxd7 b5 28. Rxa7 h5 29. Ree7 g4 30. Reb7 Ke8 31. Rb8# 1-0

[Event "4th East Kilbride Weekly Open"]
[Site "East Kilbride"]
[Date "2011.06.02"]
[Round "?"]
[White "Jelfs, Alan"]
[Black "Dunlop, Anthony"]
[Result "1-0"]
[WhiteElo "1895"]
[BlackElo "1648"]
[PlyCount "41"]
[EventDate "2011.05.??"]
[EventType "swiss"]
[EventCountry "SCO"]
[SourceDate "2011.06.02"]

1. d4 d5 2. c4 c6 3. Nc3 e6 4. e4 Bb4 5. e5 Nh6 6. Nf3 Nd7 7. Be2 dxc4 8. Bxc4
Nb6 9. Bb3 Nf5 10. O-O O-O 11. Re1 Nd5 12. Qd3 Ba5 13. a3 Bb6 14. Bc2 g6 15.
Ne4 Kg7 16. Bg5 Qd7 17. g4 Nfe7 18. Bf6+ Kg8 19. Qd2 g5 20. Qxg5+ Ng6 21. Qh6
1-0